• 首页
  • 本馆介绍
  • 公告通知
  • 最新文献
  • 馆藏检索
  • 电子资源
  • 读者导购
  • 参考咨询
  • 我的图书馆
  • 登录
  • 详细信息显示
  • 放入我的书架
  • 预约/预借图书
  • 作者相关作品
  • 分类相关作品
  • 丛书相关作品
  • 出版社相关作品

书目信息

  • 表格格式
  • 工作单格式
  • 卡片格式
书名: 英语方言学
作者: 玛可夫斯基著.
分册号:
分册名:
出版地: 莫斯科 :
 
出版社: 高校出版社
出版时间: 1980.
页数: 191 p. ;
开本: 20cm.
丛书名:
中图分类号:
科图分类号:
其他分类号: H317
主题词:
电子资源:
000 00432nam 2200181 a 4500
001 E0761256245
005 20070729170423.84
008 070729s1980 00010 eng
020    @cCNY1.80.
040    @aPFT@bchi
041    @achi@hrus
090    @aH317
099    @dH317@ex133
245 1  @a英语方言学 / @c玛可夫斯基著.
260    @a莫斯科 :@b高校出版社,@c1980.
300    @a191 p. ;@c20cm.
650    @a英语@x方言
700    @a玛可夫斯基
    
    英语方言学 / / 玛可夫斯基著.-莫斯科 : : 高校出版社, , 1980.
    191 p. ; ; 20cm.
    
    
    ISBN CNY1.80.
    
●
相关链接 在E读中查询图书 在五车中查询图书 在当当中查询图书 在豆瓣中查询图书


正题名:英语方言学     索取号:H317/x133         预约/预借

序号 登录号 条形码 馆藏地/架位号 状态 备注
1 50012   001061317   第二样本阅览室/ [索取号:H317/x133] 在馆    
唐山师范学院图书馆 欢迎您!
大连网信软件有限公司© 版权所有